| 000 | 00947cai a22001815a 4500 | ||
|---|---|---|---|
| 001 | L145782 | ||
| 008 | 081106u xxkao f 000 0 eng d | ||
| 035 | _a(Sirsi) u145782 | ||
| 041 | 0 | _aeng | |
| 110 | 2 |
_aGlobal Planners Network _95639 |
|
| 245 | 0 | 0 |
_aGlobal Planners Network _h[electronic resource] |
| 520 | _aUmbrella website aimed at bringing together planning professionals from around the world. Partners in the initiative include the American Planning Association (APA), Canadian Institute of Planners (CIP), Commonwealth Association of Planners (CAP), Planning Institute Australia (PIA) and the Royal Town Planning Institute (RTPI). Advertises conferences and events, provides electronic resources and encourages networking. | ||
| 590 | _aKA | ||
| 651 | 4 | _aInternational | |
| 690 |
_aPlanning and development _96259 |
||
| 856 | 4 | 0 |
_uhttps://www.globalplannersnetwork.org/ _zView the website at www.globalplannersnetwork.org... |
| 942 | _n0 | ||
| 999 |
_c120724 _d120724 |
||